书目信息 |
| 题名: |
好的爱情
|
|
| 作者: | 陈果 著 | |
| 分册: | ||
| 出版信息: | 北京 人民日报出版社 2018.05 |
|
| 页数: | 210页 | |
| 开本: | 21cm | |
| 丛书名: | ||
| 单 册: | ||
| 中图分类: | B821-49 | |
| 科图分类: | ||
| 主题词: | 人生哲学--ren sheng zhe xue--通俗读物 | |
| 电子资源: | ||
| ISBN: | 978-7-5115-5364-5 | |
| 000 | 00999nam0 2200277 450 | |
| 001 | CAL 0120182452436 | |
| 005 | 20180612104229.8 | |
| 010 | @a978-7-5115-5364-5@dCNY39.00 | |
| 100 | @a20180609d2018 em y0chiy50 ea | |
| 101 | 0 | @achi |
| 102 | @aCN@b110000 | |
| 105 | @aa z 000yy | |
| 106 | @ar | |
| 200 | 1 | @a好的爱情@Ahao de ai qing@e陈果的爱情哲学课@f陈果著@Fchen guo zhu |
| 210 | @a北京@c人民日报出版社@d2018.05 | |
| 215 | @a210页@c彩图@d21cm | |
| 300 | @a读客 | |
| 314 | @a陈果, 复旦大学哲学博士、副教授、留校任教。 | |
| 330 | @a本书是一本关于人生哲学的通俗读物。作者从哲学的角度向读者讲解爱情、幸福、信仰、自由、自我认知等人生的意义, 探讨完美的爱情及有意义的人生应该是什么样的状态, 并引导年轻人树立正确的价值观。 | |
| 517 | 1 | @a陈果的爱情哲学课@Achen guo de ai qing zhe xue ke |
| 586 | @a | |
| 606 | 0 | @a人生哲学@Aren sheng zhe xue@j通俗读物 |
| 690 | @aB821-49@v5 | |
| 701 | 0 | @a陈果@Achen guo@4著 |
| 801 | 0 | @aCN@c20180609 |
| 905 | @a河南城建学院图书馆@dB821-49@eC426@f2 | |
| 好的爱情:陈果的爱情哲学课/陈果著.-北京:人民日报出版社,2018.05 |
| 210页:彩图;21cm |
| 读客 |
| ISBN 978-7-5115-5364-5:CNY39.00 |
| 本书是一本关于人生哲学的通俗读物。作者从哲学的角度向读者讲解爱情、幸福、信仰、自由、自我认知等人生的意义, 探讨完美的爱情及有意义的人生应该是什么样的状态, 并引导年轻人树立正确的价值观。 |
| ● |
| 相关链接 |
|
|
|
正题名:好的爱情
索取号:B821-49/C426
 
预约/预借
| 序号 | 登录号 | 条形码 | 馆藏地/架位号 | 状态 | 备注 |
| 1 | 1411373 | 214113733 | 社科库509/509社科库 24排3列3层/ [索取号:B821-49/C426] | 在馆 | |
| 2 | 1411374 | 214113742 | 社科库509/509社科库 24排3列3层/ [索取号:B821-49/C426] | 在馆 |